Normal view
MARC view
- حواشين ، زيدان نجيب /م. مشارك مفيد نجيب حواشين
Entry Personal Name
001 - CONTROL NUMBER
- control field: 37144
003 - CONTROL NUMBER IDENTIFIER
- control field: JO-AjAnu
005 - DATE AND TIME OF LATEST TRANSACTION
- control field: 20230606080210.0
008 - FIXED-LENGTH DATA ELEMENTS
- fixed length control field: 230606|| aca||aabn | a|a d
040 ## - CATALOGING SOURCE
- Original cataloging agency: JO-AjAnu
- Transcribing agency: JO-AjAnu
100 ## - HEADING--PERSONAL NAME
- Personal name: حواشين ، زيدان نجيب /م. مشارك مفيد نجيب حواشين
670 ## - SOURCE DATA FOUND
- Source citation: Work cat.: (JO-AjAnu)19062: حواشين ، زيدان نجيب /م. مشارك مفيد نجيب حواشين , author, النمو البدني عند الطفل